France - Les régions d'origine des Premiers ministres - Statistiques

Statistiques générales
  • Ce quiz a été pris 44 fois
    4 depuis la dernière actualisation
  • Le résultat moyen est 16 sur 26
Statistiques - réponses
Région de naissance Premier ministre % Correct
Maroc Dominique de Villepin
100%
Turquie Edouard Balladur
100%
Espagne Emmanuel Valls
100%
Réunion Raymond Barre
100%
Ile-de-France Edith Cresson
75%
Ile-de-France Jacques Chaban-Delmas
75%
Ile-de-France Jacques Chirac
75%
Occitanie Jean Castex
75%
Pays-de-la-Loire Jean-Marc Ayrault
75%
Ile-de-France Laurent Fabius
75%
Ile-de-France Lionel Jospin
75%
Ile-de-France Michel Rocard
75%
Hauts-de-France Pierre Mauroy
75%
Nouvelle-Aquitaine Alain Juppé
50%
Normandie Edouard Philippe
50%
Ile-de-France Elisabeth Borne
50%
Pays-de-la-Loire François Fillon
50%
Auvergne-Rhône-Alpes Georges Pompidou
50%
Nouvelle-Aquitaine Jean-Pierre Raffarin
50%
Normandie Pierre Bérégovoy
50%
Ile-de-France Pierre Messmer
50%
Ile-de-France Gabriel Attal
25%
Grand-Est Maurice Couve de Murville
25%
Auvergne-Rhône-Alpes Michel Barnier
25%
Ile-de-France Michel Debré
25%
Hauts-de-France Bernard Cazeneuve
0%
Aucun quiz correspondant
Distribution des résultats
% des personnes avec chaque résultat
Percentile par nombre de réponses
Votre historique - résultats
Vous n’avez pas pris ce quiz depuis la dernière actualisation